| 000 | 00462pab a2200169 454500 | ||
|---|---|---|---|
| 008 | 180718b2005 xxu||||| |||| 00| 0 eng d | ||
| 100 | _aVikramaditya, E. | ||
| 245 | _aLeader member exchange and employee attitudes: a study in the Indian context | ||
| 260 | _c2005 | ||
| 300 | _ap.182-87. | ||
| 362 | _aMay | ||
| 650 | _aEmployees - India | ||
| 650 | _aAttitudes - India | ||
| 650 | _aEmployees | ||
| 773 | _aManagement and Labour Studies | ||
| 909 | _a65344 | ||
| 999 |
_c65344 _d65344 |
||